Statistics for Survivor Contestants Season 13: Cook Islands

Click here to take the quiz!

General Stats

  • This quiz has been taken 142 times
    (140 since last reset)
  • The average score is 15 of 20

Answer Stats

FinishContestant% Correct
2ndOscar "Ozzy" Lusth
100%
WinnerYul Kwon
97%
6thParvati Shallow
96%
8thCandice Woodcock
94%
7thJonathan Penner
90%
3rdBecky Lee
88%
4thSundra Oakley
87%
5thAdam Gentry
84%
15thAnh-Tuan "Cao Boi" Bui
78%
19thBilly Garcia
72%
9thNate Gonzalez
72%
17thJohn "J.P." Calderon
65%
12thBrad Virata
64%
20thSekou Bunch
62%
10thJenny Guzon-Bae
61%
13thJessica "Flica" Smith
59%
11thRebecca Borman
53%
18thCecilia Mansilla
51%
16thStephannie Favor
51%
14thCristina Coria
43%

Score Distribution

Percentile by Number Answered

Percent of People with Each Score

Your Score History

You have not taken this quiz since the last reset